Estrategia educación ambiental para el conocimiento, el uso y la conservación de la biodiversidad en Colombia (Registro nro. 6352)

Detalles MARC
000 -CABECERA
Campo de control 01232nam a2200253 a 4500
005 - FECHA Y HORA DE LA ULTIMA TRANSACCION
Campo de control 20200104041609.0
008 - ELEMENTOS DE LONGITUD FIJA—INFORMACION GENERAL
Campo de control 140128b2007 ck ||||| |||| 00| 0 spa d
041 ## - IDIOMA
Código de idioma para texto/pista de sonido o título separado Español
044 ## - PAÍS DE PUBLICACIÓN
País de publicación Colombia
090 ## - CLASIFICACIÓN LOCAL
Colección IAVH
Consecutivo 00867
100 ## - ASIENTO PRINCIPAL--NOMBRE PERSONAL
Nombre personal Castro Lalinde, Paulina María Alejandra
245 ## - MENCION DE TITULO
Título Estrategia educación ambiental para el conocimiento, el uso y la conservación de la biodiversidad en Colombia
260 ## - PUBLICACION, DISTRIBUCION, ETC. (PIE DE IMPRENTA)
Lugar de publicación, distribución, etc. Bogotá
Nombre del editor, distribuidor, etc. Instituto Alexander von Humboldt
Fecha de publicación, distribución, etc. 2007
300 ## - DESCRIPCION FISICA
Extensión 69 p.
520 ## - NOTA DE RESUMEN, ETC.
Nota de resumen La Estrategia de educación ambiental para el conocimiento, el uso y conservación de la biodiversidad es uno de los principales resultados del esfuerzo mancomunado entre instituciones y comunidad y constituye un valioso aporte para la gestión social del conocimiento. Busca influir de manera positiva, a la par que generar un cambio de actitud y valoracio?n frente a la biodiversidad y establecer procesos educativos continuos
650 ## - ASIENTO SECUNDARIO DE MATERIA - TERMINO TEMATICO
Término temático o nombre geográfico como elemento de entrada Conocimiento
650 ## - ASIENTO SECUNDARIO DE MATERIA - TERMINO TEMATICO
Término temático o nombre geográfico como elemento de entrada Conservación
650 ## - ASIENTO SECUNDARIO DE MATERIA - TERMINO TEMATICO
Término temático o nombre geográfico como elemento de entrada Biodiversidad
650 ## - ASIENTO SECUNDARIO DE MATERIA - TERMINO TEMATICO
Término temático o nombre geográfico como elemento de entrada Educación ambiental
700 ## - ASIENTO SECUNDARIO - NOMBRE PERSONAL
Nombre personal Mendoza Mojica, Sandra Lucía
700 ## - ASIENTO SECUNDARIO - NOMBRE PERSONAL
Nombre personal Castro Lalinde, Luz Amanda
942 ## - ELEMENTOS ADICIONALES (KOHA)
Tipo de ítem CD-ROM
Sistema de clasificación Local
Koha issues (borrowed), all copies 1
945 ## - PROCESAMIENTO LOCAL
AAAA-MM-DD - Fecha de ingreso o modificacion 2008-06-27
Existencias
Withdrawn status Lost status Sistema de Clasificación Damaged status No para préstamo Colección Inventariado Ubicación Permanente Ubicación actual Fecha de adquisición Total Checkouts Número topográfico Inventario / Código de Barras Date last seen Date checked out Ejemplar Price effective from Forma de adquisición Tipo de material
    Local     Humboldt Inventariado 2017 Bogotá Bogotá 27/06/2008 1 IAVH-00867 025929 09/08/2024 08/09/2014 Ej. 1 04/12/2012   Informe Técnico